00326nam a22001097a 4500008004100000020001400041082001500055100002400070245009800094260001000192300001400202230531b xxu||||| |||| 00| 0 eng d a100157577 a808.56 TOW cDr. Taaitta Toweett aUnsung Heroes of LancasterbAn Account of Kenya's Constitutional and political Transformation aKenya aXVIII,234